Atalanta Players by Picture - Statistics

General Stats
  • This quiz has been taken 158 times
    21 since last reset
  • The average score is 16 of 20
Answer Stats
Picture Answer % Correct
Gianluca Scamacca
100%
Marten de Roon
100%
Davide Zappacosta
94%
Isak Hien
94%
Marco Carnesecchi
94%
Mario Pašalić
88%
Nicola Zalewski
88%
Odilon Kossounou
88%
Sead Kolašinac
88%
Yunus Musah
88%
Charles De Ketelaere
82%
Ademola Lookman
76%
Berat Djimsiti
76%
Marco Sportiello
76%
Mitchel Bakker
76%
Raoul Bellanova
76%
Kamaldeen Sulemana
71%
Nikola Krstović
65%
Marco Brescianini
53%
Francesco Rossi
41%
No matching quizzes found
Score Distribution
Percent of People with Each Score
Percentile by Number Answered
Your Score History
You have not taken this quiz since the last reset